PL/I programming for engineering and science /
Guardado en:
| Autor Principal: | |
|---|---|
| Formato: | Libro |
| Idioma: | English |
| Publicado: |
Englewood Cliffs, N.J. :
Prentice-Hall,
c1971.
|
| Materias: | |
| Etiquetas: |
Agregar Etiqueta
Sin Etiquetas, Sea el primero en etiquetar este registro!
|
| LEADER | 00555cam a22001695 4500 | ||
|---|---|---|---|
| 001 | MAT.inmabb002143 | ||
| 008 | 720103s1971####njua##########001#0#eng#d | ||
| 005 | 20170517152401.0 | ||
| 245 | 1 | 0 | |a PL/I programming for engineering and science / |c David R. Stoutemyer. |
| 260 | |a Englewood Cliffs, N.J. : |b Prentice-Hall, |c c1971. | ||
| 300 | |a xv, 363 p. : |b il. ; |c 25 cm. | ||
| 020 | |a 0136765289 | ||
| 100 | 1 | |a Stoutemyer, David R. | |
| 084 | |a 68N15 |2 msc2000 | ||
| 650 | 0 | |a PL/I (Computer program language) | |
| 010 | |a 74146683 | ||
| 859 | |h 68 |i St889 |p A-3797 |b BIB. MATEMATICA | ||
